[Event "Zlin Region-chT 2223"]
[Site "Czech Republic"]
[Date "2023.04.02"]
[Round "11.6"]
[White "Svoboda, Rostislav"]
[Black "Dvoulety, Pavel"]
[Result "1-0"]
[WhiteElo "1975"]
[BlackElo "2073"]
[PlyCount "80"]
[EventDate "2022.10.09"]
[EventType "team-tourn"]
[EventRounds "11"]
[EventCountry "CZE"]
[SourceTitle "EXT 2024"]
[Source "ChessBase"]
[SourceDate "2023.10.10"]
[SourceVersion "1"]
[SourceVersionDate "2023.10.10"]
[SourceQuality "1"]
[WhiteTeam "Zlin II"]
[BlackTeam "Stare Mesto II"]
[WhiteTeamCountry "CZE"]
[BlackTeamCountry "CZE"]

1. d4 d5 2. c4 e6 3. Nc3 Nf6 4. Bg5 Be7 5. e3 0-0 6. cxd5 exd5 7. Qc2 b6 8. Nf3 Bb7 9. Bd3 h6 10. Bh4 c5 11. 0-0 Nc6 12. a3 c4 13. Be2 Rc8 14. Rad1 Ne4 15. Bxe7 Nxe7 16. Nxe4 dxe4 17. Nd2 Qd5 18. Bxc4 Qg5 19. Qb3 Nf5 20. Kh1 Nd6 21. Be2 Bd5 22. Qb4 Rc6 23. Rc1 Rfc8 24. Rxc6 Rxc6 25. Bb5 a5 26. Qa4 Rc7 27. b4 Be6 28. Be2 Bd7 29. Qd1 a4 30. Qb1 Qf5 31. Kg1 Qg6 32. Rc1 Rxc1+ 33. Qxc1 h5 34. Qc7 Bh3 35. Bf1 b5 36. Qd8+ Kh7 37. Qh4 Bg4 38. Qg3 Qe6 39. Qe5 Qa2 40. Nxe4 Qb1 1-0

[Event "Zlin Region-chT 2223"]
[Site "Czech Republic"]
[Date "2023.02.12"]
[Round "8.5"]
[White "Svoboda, Rostislav"]
[Black "Kucera, Pavel1111"]
[Result "0-1"]
[WhiteElo "1975"]
[BlackElo "1452"]
[PlyCount "118"]
[EventDate "2022.10.09"]
[EventType "team-tourn"]
[EventRounds "11"]
[EventCountry "CZE"]
[SourceTitle "EXT 2024"]
[Source "ChessBase"]
[SourceDate "2023.10.10"]
[SourceVersion "1"]
[SourceVersionDate "2023.10.10"]
[SourceQuality "1"]
[WhiteTeam "Zlin II"]
[BlackTeam "Valasske Mezirici"]
[WhiteTeamCountry "CZE"]
[BlackTeamCountry "CZE"]

1. d4 Nf6 2. Nf3 e6 3. c4 b6 4. Nc3 Bb4 5. a3 Bxc3+ 6. bxc3 Bb7 7. Bg5 0-0 8. e3 d6 9. Bd3 Nbd7 10. Qc2 h6 11. Bh4 c5 12. 0-0 Rc8 13. a4 Qc7 14. Rfc1 Rfe8 15. Nd2 Qc6 16. f3 d5 17. cxd5 exd5 18. Bb5 Qe6 19. Bxf6 gxf6 20. Nf1 Kh8 21. Qf2 Re7 22. Qh4 f5 23. Bd3 Rg8 24. Bxf5 Qf6 25. Qxf6+ Nxf6 26. a5 b5 27. a6 Bc8 28. Bxc8 Rxc8 29. Rcb1 cxd4 30. cxd4 Rb8 31. Rb4 Re6 32. Kf2 Ne8 33. Nd2 Nc7 34. Rab1 Rxa6 35. R1b2 Ra3 36. Nb1 Ra1 37. Rc2 a5 38. Rbb2 Na6 39. Ke2 b4 40. Rc6 Ra8 41. Rxh6+ Kg7 42. Rd6 a4 43. Rxd5 a3 44. Nxa3 bxa3 45. Rb7 a2 46. Ra5 Rb1 47. Rxf7+ Kxf7 48. Rxa2 Nc7 49. Rc2 Ne8 50. f4 Rab8 51. Kf3 R8b2 52. Rxb2 Rxb2 53. h4 Nf6 54. g4 Rb3 55. g5 Nd5 56. h5 Rxe3+ 57. Kg4 Re4 58. Kf5 Rxd4 59. Ke5 Rxf4 0-1

[Event "Zlin Region-chT 2223"]
[Site "Czech Republic"]
[Date "2023.01.15"]
[Round "6.6"]
[White "Valkovic, Marek"]
[Black "Svoboda, Rostislav"]
[Result "1-0"]
[WhiteElo "1760"]
[BlackElo "1975"]
[PlyCount "64"]
[EventDate "2022.10.09"]
[EventType "team-tourn"]
[EventRounds "11"]
[EventCountry "CZE"]
[SourceTitle "EXT 2024"]
[Source "ChessBase"]
[SourceDate "2023.10.10"]
[SourceVersion "1"]
[SourceVersionDate "2023.10.10"]
[SourceQuality "1"]
[WhiteTeam "Zlin Malenovice"]
[BlackTeam "Zlin II"]
[WhiteTeamCountry "CZE"]
[BlackTeamCountry "CZE"]

1. d4 Nf6 2. c4 g6 3. Nc3 Bg7 4. e4 d6 5. Nf3 0-0 6. Be2 Nbd7 7. 0-0 e5 8. Be3 c6 9. h3 Qe7 10. Qc2 a6 11. b4 exd4 12. Nxd4 Re8 13. f3 d5 14. Bg5 Qe5 15. Bxf6 Nxf6 16. Rad1 dxe4 17. fxe4 Nxe4 18. Rfe1 Qxd4+ 19. Rxd4 Bxd4+ 20. Kh2 Bxc3 21. Rd1 Bxb4 22. Bf3 Bf5 23. g4 Ng5 24. gxf5 Nxf3+ 25. Kg3 Ng5 26. fxg6 hxg6 27. Qb2 Bd6+ 28. Kg2 Rad8 29. Qxb7 Rb8 30. Qxc6 Bf4 31. Rf1 Re6 32. Qd5 Rb2+ 1-0

[Event "CZE-chT2E 1718"]
[Site "Czech Republic"]
[Date "2017.12.17"]
[Round "5.6"]
[White "Svoboda, Rostislav"]
[Black "Tovarek, Antonin"]
[Result "1-0"]
[WhiteElo "2034"]
[BlackElo "2010"]
[PlyCount "95"]
[EventDate "2017.10.15"]
[EventType "team-tourn"]
[EventRounds "11"]
[EventCountry "CZE"]
[SourceTitle "EXT 2022"]
[Source "ChessBase"]
[SourceDate "2021.10.06"]
[SourceVersion "1"]
[SourceVersionDate "2021.10.06"]
[SourceQuality "1"]
[WhiteTeam "Zlin"]
[BlackTeam "Jundrov Jezdci"]
[WhiteTeamCountry "CZE"]
[BlackTeamCountry "CZE"]

1. d4 Nf6 2. c4 e6 3. Nc3 Bb4 4. Qc2 c5 5. e3 0-0 6. Bd2 b6 7. Be2 Bb7 8. Bf3 d5 9. cxd5 cxd4 10. exd4 Nxd5 11. Rc1 Na6 12. Nge2 Qd7 13. Be4 Nf6 14. Bxb7 Qxb7 15. 0-0 Rac8 16. Qb3 Rfd8 17. Bg5 Be7 18. Rcd1 h6 19. Bc1 Nb4 20. f4 Nbd5 21. f5 Qd7 22. fxe6 Qxe6 23. Rde1 Qg4 24. Nxd5 Nxd5 25. Nc3 Qxd4+ 26. Kh1 Rxc3 27. bxc3 Qh4 28. c4 Nb4 29. g3 Qh3 30. c5 Bxc5 31. Qxf7+ Kh8 32. Bb2 Qg4 33. Re8+ Rxe8 34. Qxe8+ Kh7 35. Qf7 Qe4+ 36. Qf3 Qe7 37. a3 Na6 38. Qf5+ Kg8 39. Qc8+ Kh7 40. Qf5+ Kg8 41. Qd5+ Kh7 42. Be5 Nc7 43. Bxc7 Qxc7 44. Rf7 Qd6 45. Qxd6 Bxd6 46. Rxa7 Kg6 47. a4 Kf6 48. Ra6 1-0

[Event "CZE-chT1E 1516"]
[Site "Czech Republic"]
[Date "2016.02.14"]
[Round "8.8"]
[White "Rambousek, Jan"]
[Black "Svoboda, Rostislav"]
[Result "1/2-1/2"]
[WhiteElo "1990"]
[BlackElo "2040"]
[PlyCount "154"]
[EventDate "2015.10.11"]
[EventType "team-tourn"]
[EventRounds "11"]
[EventCountry "CZE"]
[SourceTitle "CBM 170 Extra"]
[Source "ChessBase"]
[SourceDate "2016.02.25"]
[SourceVersion "1"]
[SourceVersionDate "2016.02.25"]
[SourceQuality "1"]
[WhiteTeam "Opava "]
[BlackTeam "Zlin"]
[WhiteTeamCountry "CZE"]
[BlackTeamCountry "CZE"]

1. e4 e6 2. d4 d5 3. e5 c5 4. c3 Nc6 5. a3 Bd7 6. Nf3 Qb6 7. Be2 Be7 8. 0-0 Nh6 9. b4 cxd4 10. cxd4 Nf5 11. Bb2 Rc8 12. g4 Nh6 13. h3 Ng8 14. Nc3 f6 15. Na4 Qd8 16. Nc5 b6 17. Nxd7 Qxd7 18. Bb5 Bd8 19. Rc1 Nge7 20. exf6 gxf6 21. Qd2 0-0 22. Qh6 Qd6 23. Bd3 Rf7 24. b5 Nb8 25. Rxc8 Nxc8 26. Bc1 Bc7 27. g5 Rg7 28. Kh1 f5 29. Ne5 Qe7 30. Rg1 Bxe5 31. dxe5 Rg6 32. Qh5 Nd7 33. Qe2 Nc5 34. Bc2 Qg7 35. h4 Qc7 36. h5 Rg7 37. g6 Rd7 38. gxh7+ Kxh7 39. Qe3 Rg7 40. Rg6 Rxg6 41. hxg6+ Kg8 42. Qh6 Qg7 43. Qh4 Ne7 44. Bh6 Qxg6 45. Qxe7 Qxh6+ 46. Kg2 Qg7+ 47. Qxg7+ Kxg7 48. Kf3 Nd7 49. Kf4 Kh6 50. Bd1 Nf8 51. Ke3 Kg5 52. f4+ Kh4 53. Bb3 Kg3 54. Bd1 Ng6 55. Bh5 Nxf4 56. Bf7 Kg4 57. Bg8 Kg3 58. Bf7 Ng2+ 59. Kd4 f4 60. Bxe6 f3 61. Bxd5 f2 62. Bc4 Nf4 63. Ke4 Ne6 64. Kd5 Nf4+ 65. Kd6 Kg2 66. e6 Nxe6 67. Kxe6 f1Q 68. Bxf1+ Kxf1 69. Kd6 Ke2 70. Kc6 Kd3 71. Kb7 Kc4 72. Kxa7 Kxb5 73. Kb7 Ka5 74. Kc6 b5 75. Kc5 Ka4 76. Kb6 b4 77. axb4 Kxb4 1/2-1/2

[Event "CZE-chT2E 1415"]
[Site "Czech Republic"]
[Date "2015.01.25"]
[Round "6.6"]
[White "Svoboda, Rostislav"]
[Black "Handl, Martin"]
[Result "1-0"]
[WhiteElo "2059"]
[BlackElo "2075"]
[PlyCount "111"]
[EventDate "2014.11.02"]
[EventType "team-tourn"]
[EventRounds "11"]
[EventCountry "CZE"]
[SourceTitle "EXT 2022"]
[Source "ChessBase"]
[SourceDate "2021.10.06"]
[SourceVersion "1"]
[SourceVersionDate "2021.10.06"]
[SourceQuality "1"]
[WhiteTeam "Zlin II"]
[BlackTeam "Lipovec Garde"]
[WhiteTeamCountry "CZE"]
[BlackTeamCountry "CZE"]

1. d4 c5 2. e3 g6 3. Nf3 Bg7 4. c4 Nc6 5. Nc3 cxd4 6. exd4 d6 7. Be2 Bg4 8. Be3 Nf6 9. h3 Bxf3 10. Bxf3 0-0 11. 0-0 Re8 12. Qa4 Qd7 13. Rfd1 Rac8 14. Rac1 a6 15. b4 Nd8 16. Qb3 e6 17. Na4 Qc7 18. c5 d5 19. Nb6 Rb8 20. g3 Nc6 21. Bf4 e5 22. dxe5 Nxe5 23. Bxd5 Nxd5 24. Rxd5 Qc6 25. Rcd1 Re6 26. Rd8+ Rxd8 27. Rxd8+ Re8 28. Rxe8+ Qxe8 29. Qc3 Qe6 30. Bxe5 Qxe5 31. Qf3 Qe1+ 32. Kg2 Qxb4 33. Qxb7 Qxc5 34. Qa8+ Qf8 35. Qxa6 Bd4 36. Nd7 Qe7 37. Qa8+ Kg7 38. Qd5 Bc3 39. a4 Qa3 40. Qc4 h5 41. Qc5 Bb4 42. Qe5+ Kg8 43. Nf6+ Kf8 44. Nd5 Kg8 45. Qb8+ Bf8 46. Qa8 Qd3 47. Nf6+ Kg7 48. Ne8+ Kg8 49. Nf6+ Kg7 50. Ne4 h4 51. g4 Qc4 52. a5 Qd4 53. a6 f5 54. Qb7+ Kg8 55. Ng5 Bg7 56. Qc8+ 1-0

[Event "CZE-chT2E 1415"]
[Site "Czech Republic"]
[Date "2015.01.11"]
[Round "5.5"]
[White "Svoboda, Rostislav"]
[Black "Dvorak, Adam"]
[Result "0-1"]
[WhiteElo "2059"]
[BlackElo "2036"]
[PlyCount "66"]
[EventDate "2014.11.02"]
[EventType "team-tourn"]
[EventRounds "11"]
[EventCountry "CZE"]
[SourceTitle "EXT 2022"]
[Source "ChessBase"]
[SourceDate "2021.10.06"]
[SourceVersion "1"]
[SourceVersionDate "2021.10.06"]
[SourceQuality "1"]
[WhiteTeam "Zlin II"]
[BlackTeam "Brno Lokomotiva II"]
[WhiteTeamCountry "CZE"]
[BlackTeamCountry "CZE"]

1. d4 Nf6 2. Nf3 c5 3. e3 Qc7 4. c4 e6 5. Nc3 a6 6. Be2 d6 7. b3 cxd4 8. exd4 b5 9. Bf4 b4 10. Na4 Nbd7 11. 0-0 e5 12. Bg3 Be7 13. Qd2 a5 14. dxe5 Nxe5 15. Nxe5 dxe5 16. Qg5 Ng4 17. Qd2 Nf6 18. Qb2 Nd7 19. Rad1 0-0 20. f4 e4 21. f5 Qa7+ 22. Bf2 e3 23. Bg3 Bf6 24. Qc1 Re8 25. Kh1 Nc5 26. Nxc5 Qxc5 27. Rd3 a4 28. Bf4 axb3 29. Bxe3 b2 30. Qxb2 Rxe3 31. Rxe3 Bxb2 32. Re8+ Qf8 33. Rxf8+ Kxf8 0-1

[Event "CZE-chT2E 1415"]
[Site "Czech Republic"]
[Date "2014.11.02"]
[Round "1.6"]
[White "Svoboda, Rostislav"]
[Black "Lamser, Tomas"]
[Result "0-1"]
[WhiteElo "2059"]
[BlackElo "1946"]
[PlyCount "76"]
[EventDate "2014.11.02"]
[EventType "team-tourn"]
[EventRounds "11"]
[EventCountry "CZE"]
[SourceTitle "EXT 2022"]
[Source "ChessBase"]
[SourceDate "2021.10.06"]
[SourceVersion "1"]
[SourceVersionDate "2021.10.06"]
[SourceQuality "1"]
[WhiteTeam "Zlin II"]
[BlackTeam "Brno Vinohrady"]
[WhiteTeamCountry "CZE"]
[BlackTeamCountry "CZE"]

1. d4 Nf6 2. c4 c5 3. d5 g6 4. Nc3 Bg7 5. Nf3 0-0 6. e4 d6 7. h3 Re8 8. Bd3 e6 9. 0-0 exd5 10. exd5 Nfd7 11. Bf4 Ne5 12. Nxe5 Bxe5 13. Bxe5 Rxe5 14. f4 Re8 15. f5 Qg5 16. Nb5 Re7 17. Nxd6 Nd7 18. fxg6 hxg6 19. Kh1 Ne5 20. b3 Bxh3 21. gxh3 Nxd3 22. Rf3 Ne5 23. Rc3 f5 24. Nb5 a6 25. d6 Rd7 26. Qd5+ Nf7 27. Nc7 Rxd6 28. Qxb7 Rad8 29. Rg1 Qe7 30. Rcg3 g5 31. Qf3 Qxc7 32. Qxf5 Qc6+ 33. Kh2 Rd2+ 34. R1g2 Rxg2+ 35. Rxg2 Qd6+ 36. Kh1 Qd1+ 37. Rg1 Qh5 38. h4 Qxh4+ 0-1

[Event "CZE-chT2F 1314"]
[Site "Czech Republic"]
[Date "2014.03.23"]
[Round "10.24"]
[White "Kantor, Petr"]
[Black "Svoboda, Rostislav"]
[Result "0-1"]
[WhiteElo "2087"]
[BlackElo "2063"]
[PlyCount "98"]
[EventDate "2013.11.03"]
[EventType "team-tourn"]
[EventRounds "11"]
[EventCountry "CZE"]
[SourceTitle "EXT 2016"]
[Source "ChessBase"]
[SourceDate "2015.10.08"]
[SourceVersion "1"]
[SourceVersionDate "2015.10.08"]
[SourceQuality "1"]
[WhiteTeam "Mosty u Jablunkova"]
[BlackTeam "Zlin II"]
[WhiteTeamCountry "CZE"]
[BlackTeamCountry "CZE"]

1. d4 Nf6 2. c4 e6 3. Nc3 d5 4. Bg5 Be7 5. e3 Nbd7 6. Nf3 0-0 7. Qc2 a6 8. c5 c6 9. Bd3 h6 10. Bf4 Nh5 11. g4 Nxf4 12. exf4 Qc7 13. Ne2 Qa5+ 14. Kf1 b6 15. cxb6 Qxb6 16. h4 c5 17. Bh7+ Kh8 18. g5 f5 19. Bg6 Bb7 20. Ne5 Nxe5 21. fxe5 cxd4 22. gxh6 gxh6 23. Qd2 f4 24. a3 Bc6 25. Nxf4 Bb5+ 26. Ke1 Rxf4 27. Qxf4 Qa5+ 28. Qd2 Qxd2+ 29. Kxd2 Rf8 30. Ke1 Rf4 31. Rc1 Bc4 32. Rg1 Bxh4 33. Rg2 Bg5 34. Rd1 Bb3 35. Rc1 Rh4 36. Rc8+ Kg7 37. Be8 Re4+ 38. Kf1 Bc4+ 39. Kg1 Re1+ 40. Kh2 Kf8 41. Bb5+ Ke7 42. Bxc4 dxc4 43. Rg4 d3 44. Rgxc4 Rxe5 45. R4c7+ Kd6 46. Rc6+ Kd5 47. Rc3 d2 48. R8c5+ Kd6 49. Rxe5 Kxe5 0-1

[Event "CZE-chT2F 1314"]
[Site "Czech Republic"]
[Date "2014.02.02"]
[Round "7.45"]
[White "Soban, Jaroslav"]
[Black "Svoboda, Rostislav"]
[Result "1/2-1/2"]
[WhiteElo "2146"]
[BlackElo "2063"]
[PlyCount "121"]
[EventDate "2013.11.03"]
[EventType "team-tourn"]
[EventRounds "11"]
[EventCountry "CZE"]
[SourceTitle "EXT 2016"]
[Source "ChessBase"]
[SourceDate "2015.10.08"]
[SourceVersion "1"]
[SourceVersionDate "2015.10.08"]
[SourceQuality "1"]
[WhiteTeam "Olomouc Garde"]
[BlackTeam "Zlin II"]
[WhiteTeamCountry "CZE"]
[BlackTeamCountry "CZE"]

1. c4 Nf6 2. Nc3 c5 3. g3 Nc6 4. Bg2 d6 5. e4 a6 6. Nge2 g6 7. 0-0 Bg7 8. d3 0-0 9. h3 Rb8 10. Rb1 Bd7 11. Be3 e6 12. f4 Ne8 13. d4 cxd4 14. Nxd4 Nxd4 15. Bxd4 Qc7 16. Bxg7 Nxg7 17. Qd3 Rbc8 18. Rfd1 Qxc4 19. Qxc4 Rxc4 20. Rxd6 Rc7 21. Rbd1 Bc6 22. Kf2 Rfc8 23. Rd8+ Ne8 24. e5 Kf8 25. Bxc6 Rxc6 26. R8d7 R8c7 27. Ke3 h5 28. Ne4 Rxd7 29. Rxd7 Rc7 30. Rd8 Ke7 31. Rb8 Kd7 32. Kd4 b5 33. Nc5+ Ke7 34. b4 Ra7 35. a3 Nc7 36. Rb6 a5 37. Rb7 Rxb7 38. Nxb7 axb4 39. axb4 Nd5 40. Kc5 h4 41. gxh4 Nxf4 42. Kxb5 Nd3 43. Nc5 Nxe5 44. Kb6 f5 45. Kc7 Nc4 46. b5 e5 47. Kc6 e4 48. Kd5 Nb6+ 49. Kd4 Kd6 50. Nb7+ Kc7 51. Na5 Nc8 52. Nc4 Nd6 53. b6+ Kc6 54. Ne5+ Kxb6 55. Nxg6 Kc7 56. Ke5 Kd7 57. Kf6 e3 58. Nf4 Ne4+ 59. Kxf5 Ng3+ 60. Kg6 e2 61. Nd3 1/2-1/2

[Event "CZE-chT2E 1213"]
[Site "Czech Republic"]
[Date "2013.03.24"]
[Round "11.5"]
[White "Vavruska, Antonin"]
[Black "Svoboda, Rostislav"]
[Result "1-0"]
[WhiteElo "2142"]
[BlackElo "2033"]
[PlyCount "91"]
[EventDate "2012.10.14"]
[EventType "team-tourn"]
[EventRounds "11"]
[EventCountry "CZE"]
[SourceTitle "EXT 2016"]
[Source "ChessBase"]
[SourceDate "2015.10.08"]
[SourceVersion "1"]
[SourceVersionDate "2015.10.08"]
[SourceQuality "1"]
[WhiteTeam "Stare Mesto II"]
[BlackTeam "Zlin II"]
[WhiteTeamCountry "CZE"]
[BlackTeamCountry "CZE"]

1. e4 e6 2. d4 d5 3. e5 c5 4. Qg4 cxd4 5. Nf3 Nc6 6. Bd3 Qb6 7. 0-0 Bd7 8. a3 a5 9. b3 g6 10. Re1 0-0-0 11. Qf4 Bh6 12. Ng5 Rf8 13. Qh4 Bg7 14. Nf3 f6 15. exf6 Bxf6 16. Bg5 Bg7 17. Qg3 e5 18. Nbd2 h6 19. Bh4 g5 20. Nxe5 Nxe5 21. Rxe5 Bxe5 22. Qxe5 Qf6 23. Bg3 Qxe5 24. Bxe5 Nf6 25. Bxd4 Rhg8 26. a4 Bc6 27. Bb6 Nd7 28. Bxa5 Rf4 29. g3 Rf7 30. Bc3 Nc5 31. Be2 g4 32. a5 Ne6 33. b4 Ng5 34. Bxg4+ Kb8 35. Be5+ Ka8 36. f4 d4 37. Bxd4 Rd8 38. c3 h5 39. fxg5 hxg4 40. g6 Re7 41. Bf6 Rxd2 42. Bxe7 Rg2+ 43. Kf1 Rxh2 44. g7 Bd5 45. Re1 Rc2 46. Bc5 1-0

[Event "CZE-chT1E 1213"]
[Site "Czech Republic"]
[Date "2013.03.17"]
[Round "9.8"]
[White "Svoboda, Rostislav"]
[Black "Sieber, Martin"]
[Result "1/2-1/2"]
[WhiteElo "2035"]
[BlackElo "2016"]
[PlyCount "21"]
[EventDate "2012.10.21"]
[EventType "team-tourn"]
[EventRounds "11"]
[EventCountry "CZE"]
[SourceTitle "EXT 2014"]
[Source "ChessBase"]
[SourceDate "2013.11.20"]
[SourceVersion "1"]
[SourceVersionDate "2013.11.20"]
[SourceQuality "1"]
[WhiteTeam "Zlin"]
[BlackTeam "Orlova Slavia"]
[WhiteTeamCountry "CZE"]
[BlackTeamCountry "CZE"]

1. d4 d5 2. c4 e5 3. e3 exd4 4. exd4 Nf6 5. Nf3 Nc6 6. Nc3 Be6 7. c5 a6 8. Bd3 g6 9. Bf4 Bg7 10. h3 0-0 11. 0-0 1/2-1/2

[Event "CZE-chT2E 1213"]
[Site "Czech Republic"]
[Date "2013.01.20"]
[Round "7.6"]
[White "Svoboda, Rostislav"]
[Black "Mizak, Jan"]
[Result "1/2-1/2"]
[WhiteElo "2033"]
[BlackElo "2047"]
[PlyCount "75"]
[EventDate "2012.10.14"]
[EventType "team-tourn"]
[EventRounds "11"]
[EventCountry "CZE"]
[SourceTitle "EXT 2016"]
[Source "ChessBase"]
[SourceDate "2015.10.08"]
[SourceVersion "1"]
[SourceVersionDate "2015.10.08"]
[SourceQuality "1"]
[WhiteTeam "Zlin II"]
[BlackTeam "Adamov"]
[WhiteTeamCountry "CZE"]
[BlackTeamCountry "CZE"]

1. d4 d5 2. c4 e6 3. Nc3 Nf6 4. Bg5 Be7 5. e3 0-0 6. Qc2 b6 7. Nf3 Bb7 8. cxd5 Nxd5 9. Bxe7 Qxe7 10. Be2 Nxc3 11. Qxc3 Na6 12. 0-0 Rac8 13. Rfc1 Rfd8 14. Ne5 Nb8 15. b4 c6 16. Bf3 Rc7 17. a4 Rdc8 18. a5 c5 19. dxc5 bxc5 20. b5 Bxf3 21. Nxf3 Qd7 22. Rab1 Rb7 23. Ne5 Qe8 24. Qc4 Qd8 25. Qa4 Qd6 26. Nc4 Qe7 27. Rd1 Rd7 28. Ne5 Rd5 29. f4 Rcd8 30. Rxd5 exd5 31. b6 axb6 32. axb6 f6 33. Nc6 Qxe3+ 34. Kh1 Re8 35. Rf1 Nxc6 36. Qxc6 Qe2 37. Kg1 Qe3+ 38. Kh1 1/2-1/2

[Event "CZE-chT1E 1213"]
[Site "Czech Republic"]
[Date "2013.01.13"]
[Round "5.8"]
[White "Kourek, Josef"]
[Black "Svoboda, Rostislav"]
[Result "1/2-1/2"]
[WhiteElo "2133"]
[BlackElo "2035"]
[PlyCount "82"]
[EventDate "2012.10.21"]
[EventType "team-tourn"]
[EventRounds "11"]
[EventCountry "CZE"]
[SourceTitle "EXT 2014"]
[Source "ChessBase"]
[SourceDate "2013.11.20"]
[SourceVersion "1"]
[SourceVersionDate "2013.11.20"]
[SourceQuality "1"]
[WhiteTeam "Polabiny II"]
[BlackTeam "Zlin"]
[WhiteTeamCountry "CZE"]
[BlackTeamCountry "CZE"]

1. d4 d5 2. Nf3 c6 3. g3 Nf6 4. Bg2 Bf5 5. c4 e6 6. Nc3 Bd6 7. c5 Bc7 8. Bf4 Nbd7 9. Qd2 Ne4 10. Nxe4 Bxe4 11. 0-0 0-0 12. Ne5 Bxg2 13. Kxg2 Bxe5 14. Bxe5 Nxe5 15. dxe5 f6 16. exf6 Qxf6 17. Qb4 Rf7 18. Rae1 e5 19. Rd1 Rd8 20. Qc3 Qf5 21. Qd3 Qh5 22. f3 Rdf8 23. Qe3 Rf6 24. b4 Rh6 25. h4 Re8 26. a4 Rhe6 27. b5 e4 28. f4 cxb5 29. axb5 d4 30. Qxd4 Qxe2+ 31. Rf2 Qxb5 32. Rb2 Qc6 33. Qd5 Qxd5 34. Rxd5 R6e7 35. Kf2 Rc8 36. Ke3 g6 37. Re5 Rxe5 38. fxe5 Rxc5 39. Rxb7 Rxe5 40. Rxa7 Re8 41. Rb7 Re6 1/2-1/2

[Event "CZE-chT2E 1213"]
[Site "Czech Republic"]
[Date "2012.11.04"]
[Round "2.6"]
[White "Cupal, Miroslav"]
[Black "Svoboda, Rostislav"]
[Result "0-1"]
[WhiteElo "2022"]
[BlackElo "2033"]
[PlyCount "50"]
[EventDate "2012.10.14"]
[EventType "team-tourn"]
[EventRounds "11"]
[EventCountry "CZE"]
[SourceTitle "EXT 2016"]
[Source "ChessBase"]
[SourceDate "2015.10.08"]
[SourceVersion "1"]
[SourceVersionDate "2015.10.08"]
[SourceQuality "1"]
[WhiteTeam "Prusanky Podluzan"]
[BlackTeam "Zlin II"]
[WhiteTeamCountry "CZE"]
[BlackTeamCountry "CZE"]

1. e4 e6 2. d4 d5 3. Nd2 Nf6 4. e5 Nfd7 5. Bd3 c5 6. c3 Nc6 7. Ne2 cxd4 8. cxd4 f6 9. exf6 Nxf6 10. Nf3 Bd6 11. Bf4 Bxf4 12. Nxf4 Qd6 13. Ne2 0-0 14. 0-0 Bd7 15. Re1 Ng4 16. Ng3 Kh8 17. h3 Nxf2 18. Kxf2 Nxd4 19. Be2 Qb6 20. Kf1 e5 21. Qd3 e4 22. Nxe4 dxe4 23. Qxe4 Rae8 24. Qb1 Nxe2 25. Rxe2 Bb5 0-1

[Event "CZE-chT2E 1213"]
[Site "Czech Republic"]
[Date "2012.10.14"]
[Round "1.7"]
[White "Svoboda, Rostislav"]
[Black "Sladek, Vladislav"]
[Result "1/2-1/2"]
[WhiteElo "2033"]
[BlackElo "1966"]
[PlyCount "40"]
[EventDate "2012.10.14"]
[EventType "team-tourn"]
[EventRounds "11"]
[EventCountry "CZE"]
[SourceTitle "EXT 2016"]
[Source "ChessBase"]
[SourceDate "2015.10.08"]
[SourceVersion "1"]
[SourceVersionDate "2015.10.08"]
[SourceQuality "1"]
[WhiteTeam "Zlin II"]
[BlackTeam "Kurim"]
[WhiteTeamCountry "CZE"]
[BlackTeamCountry "CZE"]

1. d4 d5 2. c4 e5 3. e3 exd4 4. exd4 Nf6 5. Nf3 Be7 6. Nc3 Bg4 7. cxd5 Nbd7 8. Qb3 Bxf3 9. gxf3 Nb6 10. Bb5+ Kf8 11. Bd2 Nfxd5 12. 0-0-0 Nxc3 13. bxc3 Qd6 14. Kb1 Qg6+ 15. Qc2 Qxc2+ 16. Kxc2 Rd8 17. Rde1 h6 18. Re4 c6 19. Bd3 g6 20. h3 h5 1/2-1/2

[Event "CZE-chT2E 1112"]
[Site "Czech Republic"]
[Date "2012.03.25"]
[Round "10.8"]
[White "Svoboda, Rostislav"]
[Black "Smid, Jan Sr"]
[Result "1-0"]
[WhiteElo "2008"]
[BlackElo "1894"]
[PlyCount "81"]
[EventDate "2011.10.09"]
[EventType "team-tourn"]
[EventRounds "11"]
[EventCountry "CZE"]
[SourceTitle "EXT 2013"]
[Source "ChessBase"]
[SourceDate "2012.11.22"]
[SourceVersion "1"]
[SourceVersionDate "2012.11.22"]
[SourceQuality "1"]
[WhiteTeam "Zlin III"]
[BlackTeam "Stare Mesto III"]
[WhiteTeamCountry "CZE"]
[BlackTeamCountry "CZE"]

1. d4 d5 2. c4 e6 3. Nc3 Nf6 4. Bg5 Nbd7 5. cxd5 exd5 6. e3 c6 7. Bd3 h6 8. Bh4 Be7 9. Qc2 0-0 10. Nf3 Re8 11. 0-0 Ne4 12. Bxe7 Qxe7 13. Rae1 Ng5 14. Nd2 Nf6 15. f4 Nge4 16. Bxe4 Nxe4 17. Ndxe4 dxe4 18. f5 b6 19. Rf4 Qg5 20. Nxe4 Bxf5 21. Nxg5 Bxc2 22. Nxf7 Re7 23. Ne5 c5 24. Rc1 Ba4 25. b3 Be8 26. Rcf1 Bb5 27. R1f3 Rae8 28. Kf2 cxd4 29. exd4 Rc8 30. Kg3 Ba6 31. h4 Bb7 32. Rf2 Rc3+ 33. Kh2 g5 34. Rf8+ Kg7 35. R2f7+ Rxf7 36. Rxf7+ Kg8 37. Rxb7 gxh4 38. Rxa7 b5 39. d5 Kf8 40. d6 h3 41. Ra8+ 1-0

[Event "CZE-chT2E 1112"]
[Site "Czech Republic"]
[Date "2012.02.19"]
[Round "8.8"]
[White "Svoboda, Rostislav"]
[Black "Sipek, Oldrich"]
[Result "1/2-1/2"]
[WhiteElo "2008"]
[BlackElo "2027"]
[PlyCount "87"]
[EventDate "2011.10.09"]
[EventType "team-tourn"]
[EventRounds "11"]
[EventCountry "CZE"]
[SourceTitle "EXT 2013"]
[Source "ChessBase"]
[SourceDate "2012.11.22"]
[SourceVersion "1"]
[SourceVersionDate "2012.11.22"]
[SourceQuality "1"]
[WhiteTeam "Zlin III"]
[BlackTeam "Brno Lokomotiva II"]
[WhiteTeamCountry "CZE"]
[BlackTeamCountry "CZE"]

1. d4 d5 2. c4 e6 3. Nc3 Nf6 4. Bg5 Nbd7 5. cxd5 exd5 6. e3 c6 7. Bd3 Qa5 8. Qc2 Bb4 9. Nf3 0-0 10. 0-0 Bxc3 11. bxc3 h6 12. Bh4 Re8 13. Bxf6 Nxf6 14. Ne5 Re7 15. Rab1 Be6 16. Rb2 Rae8 17. Rfb1 Bc8 18. c4 Qc7 19. c5 Rxe5 20. dxe5 Qxe5 21. h3 Qg5 22. Kh2 Qe5+ 23. Kh1 g5 24. Qa4 a6 25. Qd4 Qe7 26. g4 h5 27. Bf5 Bxf5 28. gxf5 Qe4+ 29. Qxe4 Nxe4 30. Rc1 Re7 31. Kg2 h4 32. Rb3 Kg7 33. f3 Ng3 34. f6+ Kxf6 35. Kf2 Nf5 36. Rcb1 Re6 37. Re1 Re7 38. a3 Ng7 39. Re2 Ne6 40. Rc3 Nd8 41. Rb2 Ke5 42. Rb4 Ne6 43. Rg4 f5 44. Rg1 1/2-1/2

[Event "CZE-chT2e 0607"]
[Site "Czech Republic"]
[Date "2007.03.25"]
[Round "10.6"]
[White "Travnicek, Peter Jr"]
[Black "Svoboda, Rostislav"]
[Result "1/2-1/2"]
[WhiteElo "2194"]
[BlackElo "2071"]
[PlyCount "33"]
[EventDate "2006.10.15"]
[EventType "team"]
[EventRounds "11"]
[EventCountry "CZE"]
[SourceTitle "EXT 2009"]
[Source "ChessBase"]
[SourceDate "2008.11.26"]
[SourceVersion "1"]
[SourceVersionDate "2008.11.26"]
[SourceQuality "1"]

1. d4 Nf6 2. Nf3 g6 3. Bf4 Bg7 4. e3 0-0 5. Be2 d5 6. Nbd2 Nbd7 7. h3 c5 8. c3 b6 9. 0-0 Bb7 10. Bd3 Re8 11. Bh2 Ne4 12. Bxe4 dxe4 13. Ng5 Nf6 14. Qb3 e6 15. Be5 Nd7 16. Bf4 Nf6 17. Be5 1/2-1/2